000 00424cam a2200181ua 4500
020 _c5.70
041 _aeng
_h
082 _a540
_bSON/HI
100 _aSoni, P L .
245 _aHigher secondary chemistry /
_cP L Soni.
_hTextual Documents
250 _a3 /
_b.
260 _aNew Delhi :
_bS.Chand and Co ,
_c1964.
300 _a393 ; .
365 _a5.70
504 _a
942 _cBK
999 _c10707
_d10707